Регионална библиотека "Любен Каравелов" - Русе

Кой кой е в "Седем часа разлика" (Запис номер 41470)

MARC детайли
000 -Лидер
Контролно поле с фиксирана дължина 01698nam a2200373 c 4500
003 - Код на организацията, давaща контролен номер
Контролно поле BLK
005 - Дата и час на последна редакция
Контролно поле 20240308094440.0
008 - Елементи от данни с фиксирана дължина
fixed length control field 180408b bul|||||r ||||||| ||bul||
010 ## - Наследен системен номер
LC control number KNG00045035000
020 ## - Международен стандартен номер на книга ISBN
Международен стандартен номер на книга ISBN 978-954-2958-11-6
-- издат.: Enthusiast
040 ## - Източник на каталожния запис
Идентификатор на билиотеката - собственик на записа BLK
041 ## - Код за език
Код за езика на текст/звукозапис или на отделно заглавие Български
Код за езика КДБФ Български
072 #7 - Код за тематичната категория
Код организация bullib
Код за тематична категория Н84
Текст Българска художествена литература Н
080 ## - УДК
Текстов определител УДК Българска литература
УДК код - определител по УДК 821.163.2
УДК определител -293.7
УДК - код + определител 821.163.2-293.7
080 ## - УДК
Текстов определител УДК Производство на кинофилми
УДК код - определител по УДК 791.44
УДК определител (497.2)(091)
УДК - код + определител 791.44(497.2)(091)
100 1# - Редна дума - Автор
Автор Фучеджиева, Милена
Авторска отговорност първи автор
R(LIN) 277736
139 ## - Редно поле
Редна дума Кой кой е в "Седем часа разлика"
Авторски знак Коз - К 75
245 10 - Сведения за заглавието
Заглавие Кой кой е в "Седем часа разлика"
Подзаглавни данни По сериала "Седем часа разлика"
Редно поле (дума) Милена Фучеджиева; * Елена Илиева; * Димитър Христов; * Любен Любенов Дилов.
257 ## - Страна на издаване
Страна на създаване/издаване България
260 ## - Област на издателските данни
-- София
Име на издателя, разпространителя и проч. Enthusiast
Година на издаване 2011
Печатница София : Мултипринт
300 ## - Физическа характеристика
Страници 104 с.
Илюстрации и др. със сн.
Размери/Мащаб 24 см
380 ## - Жанр
Жанр Худож. лит.
500 ## - Общи забележки
Забележка Др. автори : Елена Илиева, Димитър Христов, Любен Дилов-син
659 ## - Тематичен бюлетин
Тематичен бюлетин Н
700 1# - Други автори (авторска отговорност)
Лично име Илиева, Елена
Автороска отговорност (Описва отношението между автора и произведението) *
9 (RLIN) 367669
700 1# - Други автори (авторска отговорност)
Лично име Христов, Димитър
Автороска отговорност (Описва отношението между автора и произведението) *
9 (RLIN) 367670
700 ## - Други автори (авторска отговорност)
Лично име Дилов, Любен Любенов
Автороска отговорност (Описва отношението между автора и произведението) *
9 (RLIN) 366098
852 ## - Местоположение
Форматна сигнатура Цб ІІ 17020
856 4# - Електронен адрес и достъп
Електронен формат pdf - файл
Път до файла /url/
856 4# - Електронен адрес и достъп
Електронен формат pdf - файл
Път до файла /url/
942 ## - АРТИКУЛИ
Вид на библиотечния материал Книги
Скрит в OPAC Не
944 ## - СЪЗДАВАНЕ И РЕДАКЦИЯ на ЗАПИСА
Създаване/Редакция Създаване
Дата на регистрацията/редакция 28.12.2011
Служител, извършил регистрацията/редакцията 30560
Статус, дата на статуса Геновева Генчева
944 ## - СЪЗДАВАНЕ И РЕДАКЦИЯ на ЗАПИСА
Създаване/Редакция Редакция
Дата на регистрацията/редакция 21.05.2013
Служител, извършил регистрацията/редакцията
999 ## - СИСТЕМНИ КОНТРОЛНИ НОМЕРА
Koha biblionumber 41470
Koha biblioitemnumber 41470
Наличности
Код за отписване Код за изгубен артикул Източник на класификационната схема Код за повреда Коз за рестрикции Код за отдаване Артикулен № Име на библиотеката - собственик Име на библиотеката, в която се намира в момента Статус (Текущо местоположение) Дата на вписване в системата Местоположение - отдел Цена в лева Инвентарен номер Систематично азбучна сигнатура Баркод Номер на екземпляра Цена в евро Служебна бележка Служебен тип на артикула
Изтеглен Не е изгубен Universal Decimal Classification Не е повреден без рестрикции заемане за дома 64995 Регионална библиотека "Любен Каравелов" Русе Регионална библиотека "Любен Каравелов" Русе Заемна - подръчен фонд 2011-12-16 Заемна - подръчен фонд 9.00 120000755645 П 886.7-2/К 75 120000755645 1 4.60 Дост: Pk Вид: Ф N: 251 Дата: 15.12.2011 Дата инв: 14.02.2018 Бележки инв: П2018 Книги
Изтеглен Не е изгубен Universal Decimal Classification Не е повреден без рестрикции заемане за дома 64996 Регионална библиотека "Любен Каравелов" Русе Регионална библиотека "Любен Каравелов" Русе Заемна - подръчен фонд 2011-12-16 Заемна - подръчен фонд 9.00 120000755646 П 886.7-2/К 75 120000755646 2 4.60 Дост: Pk Вид: Ф N: 251 Дата: 15.12.2011 Дата инв: 14.02.2018 Бележки инв: П2018 Книги
  Не е изгубен   Не е повреден без рестрикции ползва се в читалня 64997 Регионална библиотека "Любен Каравелов" Русе Регионална библиотека "Любен Каравелов" Русе Хранилище 2013-05-25 Хранилище 9.00 120000766075 Цб ІІ 17020 120000766075 3 4.60 Дост: Dp Вид: Д N: 4 Дата: 30.01.2012 Книги
Vip Innovations Ltd, Rousse, Bulgaria 2025